Medios de comunicación: una dudosa libertad /
Zapisane w:
| 1. autor: | |
|---|---|
| Format: | Texto |
| Etykiety: |
Dodaj etykietę
Nie ma etykietki, Dołącz pierwszą etykiete!
|
MARC
| LEADER | 00000 a a2200000 04500 | ||
|---|---|---|---|
| 001 | 45941 | ||
| 003 | |||
| 040 | |||
| 100 | |a Baldwin, Anne | ||
| 245 | |a Medios de comunicación: |b una dudosa libertad / |c Anne Baldwin | ||
| 773 | |g volumen10, número329 (1990), páginas 9 | ||
| 999 | |c 17826 |d 17826 | ||
